000 00639nam a22002177a 4500
003 OSt
005 20150907142625.0
008 150907b xxu||||| |||| 00| 0 eng d
020 _a0716797739
040 _cDDC
082 _222nd ed.
_a310 PRA 2003
100 _aMoore, David
_95669
245 _aThe practice of business statistics:
_busing data for decisions
260 _aNew York;
_bW.H Freeman,
_c2003
300 _axxxix,695p;
_bcol.ill:
_c26cm
504 _aNote, appendices, answers, & index included
650 _aBusiness statistics
_92566
650 _aDecision making
_92026
700 _a[et...al]
_9867
942 _2z
_cO_SHELF
999 _c2229
_d2229